| 000 | 01062nam a2200289 a 4500 | ||
|---|---|---|---|
| 001 | 000038255 | ||
| 003 | DO-SdBNP | ||
| 005 | 20230712131305.0 | ||
| 008 | 130405s2012 dr 000 0 spa d | ||
| 020 | _a9789945074673 | ||
| 040 |
_aDO-SdBNP _bspa _cBPMSU |
||
| 049 | _aBNPD | ||
| 082 |
_a972.9 _bA473c 2012 _222 |
||
| 100 | 1 | _aÁlvarez López, Luis | |
| 245 | 1 | 0 |
_aCinco ensayos sobre el Caribe hispano en el siglo XIX : _bRepública Dominicana, Cuba y Puerto Rico 1861-1898 / _cLuis Álvarez López. |
| 260 |
_aSanto Domingo : _bArchivo General de la Nación, _c2012. |
||
| 300 |
_a218 p. ; _c24 cm. |
||
| 490 | 1 |
_aArchivo General de la Nación _v175 |
|
| 504 | _aIncluye referencias bibliográficas y notas al pie de páginas. | ||
| 504 | _aBibliografía: p.197-205. | ||
| 590 | _6Inventariado, 2023/VM | ||
| 651 | 4 |
_aCaribe (Región) _xHistoria _ySiglo XIX |
|
| 651 | 4 |
_aRepública Dominicana _xHistoria _y1844-1930 |
|
| 651 | 4 |
_aRepública Dominicana _xHistoria _yRestauración 1863-1865 |
|
| 910 | _aVMateo V. Control de calidad (BPMSU) | ||
| 942 |
_2ddc _cBK |
||
| 999 |
_c14417 _d14417 |
||